Elektrické meranie

Podrobná bibliografia
Hlavní autori: Čápová, Klára, 1948- (Autor), Dvořáková, Iva, 1946- (Autor), Slovák, Juraj (Autor)
Médium: Kniha
Jazyk:slovenčina
Fyzický popis:247 s. sch. 29 cm
Vydavateľské údaje: Bratislava Alfa VŠDS v Žiline [vyd.] 1987
Vydanie:1. vyd.
Edícia:Vysokoškolské učebné texty
Predmet:

MARC

LEADER 00000cam a2200000 a 4500
001 vtls001085718
003 SK-MaSNL
005 20260301054428.0
008 240515s1987 xo a frnp 00000 slo
015 |a SNBA1987/10 
035 |a SNK000028557 
040 |a SNK  |b slo  |c SNK  |e AACR2 
041 0 |a slo 
044 |a xo  |c SK 
080 |a 621.317(075.8)  |2 1981 
100 1 |a Čápová, Klára,  |d 1948-  |4 aut  |9 39469 
245 1 0 |a Elektrické meranie  |c Klára Čápová, Iva Dvořáková, Juraj Slovák 
250 |a 1. vyd. 
260 |a Bratislava  |b Alfa  |b VŠDS v Žiline [vyd.]  |c 1987  |e Bratislava  |f Západoslovenské tlačiarne 
300 |a 247 s.  |b sch.  |c 29 cm 
366 |e 400 výtl. 
490 1 |a Vysokoškolské učebné texty 
504 |a Obsahuje bibliografiu 
650 0 7 |a elektrické merania  |2 SNKPH  |9 3585 
655 7 |a učebnice vysokých škôl  |2 SNKPH  |9 70191 
700 1 |a Dvořáková, Iva,  |d 1946-  |4 aut  |9 8908 
700 1 |a Slovák, Juraj  |4 aut  |9 366466 
830 0 |a Vysokoškolské učebné texty  |9 276539 
852 |a Slovenská národná knižnica 
954 |a odborná, vedecká literatúra pôvodná (slovenská)  |2 lita 
958 |a NB 
958 |a TL 
958 |a UV 
958 |a OND 
999 |c 610869  |d 612799 
952 |a SNK  |b SNK  |y PREZ  |7 0  |p 17A0843805  |o snkSB 42168   |0 0  |1 0  |4 0  |d 2012-05-18  |f 1  |l 0  |r 2025-05-09 00:00:00  |w 2026-02-23 
952 |t P60, <04>, [BOOK], {604}  |a SNK  |b SNK  |y VYP  |7 0  |p 17A0202658  |o snkSB 42168 D1  |0 0  |1 0  |4 0  |d 1999-07-16  |l 0  |r 2004-12-31 00:00:00  |w 2026-02-23